|
|
|
|
| LEADER |
01145nta a2200241 i 4500 |
| 001 |
dokt4011 |
| 005 |
20250620141413.0 |
| 008 |
170607s2017 hu om 000 eng d |
| 024 |
7 |
|
|a 10.14232/phd.4011
|2 doi
|
| 024 |
7 |
|
|a 36201170
|2 mtmt
|
| 040 |
|
|
|a SZTE Doktori Repozitórium
|b hun
|
| 041 |
|
|
|a eng
|
| 100 |
1 |
|
|a Eitel Zsuzsa
|
| 245 |
1 |
0 |
|a Phenotypic and genotypic investigation of antibiotic resistance of clinical Bacteroides isolates
|h [elektronikus dokumentum] /
|c Eitel Zsuzsa
|
| 246 |
1 |
0 |
|a Klinikai Bacteroides izolátumok antibiotikum rezisztenciájának fenotípus és genotípus vizsgálata
|h [elektronikus dokumentum]
|
| 260 |
|
|
|c 2017-06-08
|
| 502 |
|
|
|a Disszertacio
|
| 650 |
|
4 |
|a elméleti orvostudományok
|
| 650 |
|
4 |
|a Általános orvostudomány
|
| 700 |
0 |
1 |
|a Nagy Erzsébet
|e ths
|
| 856 |
4 |
0 |
|u https://doktori.bibl.u-szeged.hu/id/eprint/4011/19/Eitel_Zsuzsa_PhD_disszertacio.pdf
|z Dokumentum-elérés
|
| 856 |
4 |
0 |
|u https://doktori.bibl.u-szeged.hu/id/eprint/4011/1/EitelZsuzsa_PhD_disszertacio.pdf
|z Dokumentum-elérés
|
| 856 |
4 |
0 |
|u https://doktori.bibl.u-szeged.hu/id/eprint/4011/3/Eitel_Zsuzsa_tezisf%C3%BCzet_m.pdf
|z Dokumentum-elérés
|